|
|
|
|
| LEADER |
01397nam a22003497a 4500 |
| 001 |
35353 |
| 003 |
BD-DhAAL |
| 005 |
20211129161518.0 |
| 008 |
190915t2000 bg a b 001 0aeng d |
| 999 |
|
|
|c 41247
|d 41247
|
| 010 |
|
|
|a 99922213
|
| 020 |
|
|
|a 984051525X
|
| 020 |
|
|
|a 0195790766
|
| 025 |
|
|
|a P-E-99922213; 07; 08
|
| 035 |
|
|
|a (DLC) 99922213
|
| 040 |
|
|
|a BD-DhAAL
|
| 082 |
0 |
0 |
|a 954.9104092
|2 21
|
| 100 |
1 |
|
|a Mazari, Sherbaz Khan.
|9 34591
|
| 245 |
1 |
2 |
|a A journey to disillusionment /
|c Sherbaz Khan Mazari.
|
| 260 |
|
|
|a Dhaka :
|b University Press Limited,
|c 2000
|
| 300 |
|
|
|a xxxii, 646 pages :
|b illustrations ;
|c 23 cm.
|
| 500 |
|
|
|a "As told to Shehryar Khan Mazari"--T.p.
|
| 504 |
|
|
|a Includes bibliographical references and index.
|
| 520 |
|
|
|a Chronicle of political history of Pakistan; memoirs of a prominent Pakistani politician from 1964-1988.
|
| 526 |
|
|
|a BIED
|
| 541 |
|
|
|a Complimentary copy from BIED
|e 35353
|
| 600 |
1 |
0 |
|a Mazari, Sherbaz Khan.
|9 34591
|
| 650 |
|
0 |
|a Politicians
|z Pakistan
|v Biography.
|9 34592
|
| 651 |
|
0 |
|a Pakistan
|x Politics and government.
|9 34593
|
| 852 |
|
|
|a Ayesha Abed Library
|c BIED Collection
|
| 942 |
|
|
|2 ddc
|c BK
|
| 952 |
|
|
|0 0
|1 0
|2 ddc
|4 0
|6 954_910409200000000_MAZ
|7 0
|9 66300
|a BRACUL
|b BRACUL
|c GEN
|d 2019-09-15
|e Complimentary copy from BIED
|l 0
|o 954.9104092 MAZ
|p 3010035353
|r 2019-09-15
|t 1
|w 2019-09-15
|y BK
|x Transferred from BIED to General Stacks
|